LIBRARY & INFORMATION CENTRE, KCAET, TAVANUR

ONLINE PUBLIC ACCESS CATALOGUE (OPAC)

Renewable energy in India / (Record no. 10270)

MARC details
000 -LEADER
fixed length control field 00426cam a2200169ua 4500
003 - CONTROL NUMBER IDENTIFIER
control field OSt
008 - FIXED-LENGTH DATA ELEMENTS--GENERAL INFORMATION
fixed length control field 241030b |||||||| |||| 00| 0 eng d
041 ## - LANGUAGE CODE
Language code of text/sound track or separate title eng
082 ## - DEWEY DECIMAL CLASSIFICATION NUMBER
Classification number 621.47
Item number GUS/RE
100 ## - MAIN ENTRY--AUTHOR NAME
Personal name Gusain, P P S .
245 ## - TITLE STATEMENT
Title Renewable energy in India /
250 ## - EDITION STATEMENT
Edition statement 1 /
260 ## - PUBLICATION, DISTRIBUTION, ETC. (IMPRINT)
Place of publication :
Name of publisher Har-Anand Publications ,
Year of publication 1990.
300 ## - PHYSICAL DESCRIPTION
Number of Pages 125 ; .
490 0# - SERIES STATEMENT
Series statement Sustainable development series,
942 ## - ADDED ENTRY ELEMENTS (KOHA)
Koha item type Books
Holdings
Withdrawn status Lost status Damaged status Home library Current library Shelving location Date acquired Full call number Accession Number Koha item type
      KAUAET KAUAET Shelf- 7A 07/04/2012 621.47 GUS/RE 17696 Books
free website counter